• 首页
  • 本馆介绍
  • 公告通知
  • 最新文献
  • 馆藏检索
  • 电子资源
  • 读者导购
  • 参考咨询
  • 我的图书馆
  • 登录
  • 详细信息显示
  • 放入我的书架
  • 预约/预借图书
  • 作者相关作品
  • 分类相关作品
  • 丛书相关作品
  • 出版社相关作品

书目信息

  • 表格格式
  • 工作单格式
  • 卡片格式
题名:
丝绸之路西域文明
    
 
作者: 岳峰 主编
分册:  
出版信息: 乌鲁木齐   新疆美术摄影出版社  2015
页数: 13,335页
开本: 29cm
丛书名: 丝路文库
单 册:
中图分类: K294.5
科图分类:
主题词:
电子资源:
ISBN: 978-7-5469-6895-7
000 00830nam0 22002531 450
001 1752535953
005 20170602161233.0
010    @a978-7-5469-6895-7@b精装@dCNY380.00
100    @a20151104d2015 em y0chiy50 ea
101 0  @achi
102    @aCN@b650000
105    @aab z 000yy
106    @ar
200 1  @a丝绸之路西域文明@Asi chou zhi lu xi yu wen ming@f岳峰主编
210    @a乌鲁木齐@c新疆美术摄影出版社@d2015
215    @a13,335页@c图,地图@d29cm
225 2  @a丝路文库@Asi lu wen ku
330    @a本书分为八个部分,包括:文明的曙光、金石之光耀天山、汉统西域开先河、大唐雄威置安西、蒙古西征立汗国、大清一统治新疆等。
461  0 @12001 @a丝路文库
607    @a西域@Axi yu@x文化史
690    @aK294.5@v5
701  0 @a岳峰@Ayue feng@4主编
801  0 @aCN@bTANG WEI@c20170527
905    @b0971088-92@dK294.5@e324@f5
    
    丝绸之路西域文明/岳峰主编.-乌鲁木齐:新疆美术摄影出版社,2015
    13,335页:图,地图;29cm.-(丝路文库)
    
    
    ISBN 978-7-5469-6895-7(精装):CNY380.00
    本书分为八个部分,包括:文明的曙光、金石之光耀天山、汉统西域开先河、大唐雄威置安西、蒙古西征立汗国、大清一统治新疆等。
●
相关链接 在E读中查询图书 在五车中查询图书 在当当中查询图书 在豆瓣中查询图书


正题名:丝绸之路西域文明     索取号:K294.5/324         预约/预借

序号 登录号 条形码 馆藏地/架位号 状态 备注
1 0971088   209710883   第二样本阅览室/ [索取号:K294.5/324] 在馆    
2 0971089   209710892   第二借阅区/ [索取号:K294.5/324] 在馆    
3 0971090   209710909   第二借阅区/ [索取号:K294.5/324] 在馆    
4 0971091   209710918   密集书库-史法系/ [索取号:K294.5/324] 在馆    
5 0971092   209710927   第二借阅区/ [索取号:K294.5/324] 在馆    
唐山师范学院图书馆 欢迎您!
大连网信软件有限公司© 版权所有